LEADER 01563nam a2200349 i 4500 001 991000659839707536 005 20020507171911.0 008 940416s1985 ||| ||| | eng 020 $a3540152326 035 $ab10739361-39ule_inst 035 $aLE01300306$9ExL 040 $aDip.to Matematica$beng 082 0 $a516.35 084 $aAMS 14-06 084 $aAMS 14-XX 100 1 $aCasas-Alvero, Eduardo$055466 245 10$aAlgebraic geometry Sitges (Barcelona) 1983 :$bproceedings of a conference held in Sitges (Barcelona), Spain, October 5-12, 1983 /$ceds. Casas-Alvero, G. E. Welters, S. Xambo-Descamps 260 $aBerlin ; New York :$bSpringer-Verlag,$c1985 300 $ax, 416 p. :$bill. ;$c24 cm. 490 0 $aLecture notes in mathematics,$x0075-8434 ;$v1124 500 $aCover title: Algebraic geometry Sitges 1983. 500 $aIncludes bibliographies. 500 $aPapers from the Week of Algebraic Geometry, organ. by the Dep. Geometry and Topology of the Univ. of Barcelona and spons. by the Comissio Interdepartemental de Recerca i Innovacio Tecnologica, C.I.R.I.T. 650 4$aAlgebraic geometry$xCongresses 700 1 $aWelters, G. E. 700 1 $aXambo-Descamps, Sebastian 907 $a.b10739361$b23-02-17$c28-06-02 912 $a991000659839707536 945 $aLE013 14-XX CAS11 (1985)$g1$i2013000142104$lle013$o-$pE0.00$q-$rl$s- $t0$u0$v0$w0$x0$y.i10830157$z28-06-02 996 $aAlgebraic geometry Sitges (Barcelona) 1983$9910984 997 $aUNISALENTO 998 $ale013$b01-01-94$cm$da $e-$feng$gxx $h0$i1